00769nam a22002177a 450000500170000000800410001702000180005802000180007604000140009404100060010808200200011410000180013424500270015226000500017930000450022949000340027450400200030852100420032865001390037065500420050920240213131638.0240213b sa ||||| |||| 00| 0 eng d a9781770085244 a9781770085183 ardac3228 2E aJ 599.6380 EMME aEmmett, Megan aGiraffe/cMegan Emmett aGallo Manor : bAwareness Pub. Group, c2014. a47 pages :bcolor illustrations ;c21cm. a Big 5 and other wild animals aIncludes index. aJuvenile works. Juvenile literature. aFaceted Application of Subject Terminology Giraffe Juvenile works Library of Congress Subject Headings Giraffe—Juvenile literature aJuvenile works. Juvenile literature.